000 00315nam a22001337a 4500
008 170714b xxu||||| |||| 00| 0 eng d
020 _a9780470373224
041 _aeng
080 _a030
100 _a24
101 _aFJA
245 _aWEBSTER NEW POCKET SPANISH DICTIONARY J
_cDEVLIN .J
942 _2udc
_cBK
999 _c20913
_d20913